Biblia y Helenismo: el pensamiento griego y la formación del Cristianismo
Zapisane w:
| 1. autor: | |
|---|---|
| Format: | Książka |
| Język: | hiszpański |
| Wydane: |
Córdoba
Ediciones El Almendro
2007
|
| Seria: | En los Orígines del Cristianismo, 16
|
| Hasła przedmiotowe: | |
| Etykiety: |
Dodaj etykietę
Nie ma etykietki, Dołącz pierwszą etykiete!
|
MARC
| LEADER | 00000cam a2200000 a 4500 | ||
|---|---|---|---|
| 001 | UCF4362 | ||
| 003 | CL-VaPUC | ||
| 008 | 121130e20070000SP |||||||||||||||||spa|d | ||
| 020 | |a 9788480050913 | ||
| 082 | 0 | 4 | |a 270.2 |b PIÑ |2 21 |
| 100 | 0 | |a Piñero, Antonio |e author |9 565901 | |
| 245 | 1 | 0 | |a Biblia y Helenismo: el pensamiento griego y la formación del Cristianismo |
| 300 | |a 702 p | ||
| 942 | |c BK | ||
| 945 | |d 20121130 00:00:00 |a dcastane | ||
| 260 | |a Córdoba |b Ediciones El Almendro |c 2007 | ||
| 650 | 0 | |a Cristianismo |9 257361 | |
| 650 | 0 | |a Historia del cristianismo |9 473480 | |
| 650 | 0 | |a Historia de la iglesia |9 257565 | |
| 650 | 7 | |a IGLESIA PRIMITIVA |2 CL-VaPUC |9 394704 | |
| 650 | 0 | |a Helenismo |9 267485 | |
| 650 | 0 | |a Apologética |9 269349 | |
| 583 | |a last modification |c 20121130 23:21:00 |k Rodrigo Vera | ||
| 490 | 0 | |a En los Orígines del Cristianismo, 16 | |
| 999 | |c 350169 |d 350167 | ||
| 952 | |0 0 |1 0 |4 0 |6 270_200000000000000_PIÑ_2007 |7 0 |8 A |9 453386 |a BIBTEO |b BIBTEO |d 2019-11-22 |i 4931688 |l 2 |m 5 |o 270.2 PIÑ 2007 |p 4931688 |q 2024-07-31 |r 2021-12-02 |s 2021-12-02 |w 2019-11-22 |y BK |k ICR | ||